[Event "2BLN 2223 SF Berlin II - SK König Tege"]
[Site "?"]
[Date "2022.10.22"]
[Round "1.1"]
[White "Rabiega, Robert"]
[Black "Jakubowski, Krzysztof"]
[Result "0-1"]
[WhiteElo "2490"]
[BlackElo "2473"]
[PlyCount "63"]
[EventDate "2022.??.??"]

1. e4 e6 2. d4 d5 3. Bd3 dxe4 4. Bxe4 Nf6 5. Bf3 c5 6. Ne2 Nc6 7. Be3 cxd4 8. Nxd4 Ne5 9. Nc3 a6 10. O-O Bd6 11. Qe2 Qc7 12. Bg5 O-O 13. Bxf6 gxf6 14. Ne4 Be7 15. Qe3 f5 16. Ng3 Nxf3+ 17. Qxf3 b5 18. Nc6 Bd6 19. Nh5 f6 20. Qc3 b4 21. Nxb4 Bxh2+ 22. Kh1 Qxc3 23. bxc3 Be5 24. Rad1 Kf7 25. Nc6 Kg6 26. f4 Bc7 27. Ng3 Rf7 28. Rd4 Bb7 29. Rc4 a5 30. Re1 Ba6 31. Rd4 Re8 32. Rf1 0-1

[Event "2BLN 2223 SF Berlin II - SK König Tege"]
[Site "?"]
[Date "2022.10.22"]
[Round "1.2"]
[White "Baum, Jonasz"]
[Black "Richter, Michael"]
[Result "1-0"]
[WhiteElo "2406"]
[BlackElo "2479"]
[PlyCount "63"]
[EventDate "2022.??.??"]

1. d4 d5 2. c4 e6 3. Nf3 a6 4. Nbd2 Nf6 5. g3 dxc4 6. Nxc4 c5 7. Bg2 Nc6 8. Nfe5 Nxe5 9. dxe5 Qxd1+ 10. Kxd1 Nd5 11. e4 Nb4 12. Be3 b5 13. Nd6+ Bxd6 14. exd6 e5 15. Bxc5 Nd3 16. b4 Be6 17. Kd2 Nxc5 18. bxc5 Kd7 19. Rhc1 Kc6 20. Bf1 Rhb8 21. Rc2 b4 22. f4 f6 23. Bc4 Bxc4 24. Rxc4 a5 25. Kc2 Rb5 26. Rd1 Rxc5 27. Rxc5+ Kxc5 28. d7 Rd8 29. fxe5 fxe5 30. Kb3 Kb6 31. Ka4 Kc7 32. Kxa5 1-0

[Event "2BLN 2223 SF Berlin II - SK König Tege"]
[Site "?"]
[Date "2022.10.22"]
[Round "1.3"]
[White "Bruedigam, Martin"]
[Black "Florstedt, Johannes"]
[Result "1/2-1/2"]
[WhiteElo "2375"]
[BlackElo "2362"]
[PlyCount "47"]
[EventDate "2022.??.??"]

1. e4 c5 2. Nf3 d6 3. c3 Nf6 4. h3 Nc6 5. Bd3 e5 6. O-O g5 7. Nh2 Rg8 8. Be2 Nxe4 9. d4 cxd4 10. Re1 Qb6 11. Bf3 d5 12. c4 d3 13. Be3 d4 14. Bc1 Nc5 15. b4 Nxb4 16. Rxe5+ Be6 17. Na3 f6 18. Bh5+ Kd7 19. Re1 Qa5 20. Nf3 g4 21. hxg4 Qa4 22. Qd2 Bxg4 23. Qf4 Bxh5 24. Qf5+ 1/2-1/2

[Event "2BLN 2223 SF Berlin II - SK König Tege"]
[Site "?"]
[Date "2022.10.22"]
[Round "1.4"]
[White "Poltorak, Sebastian"]
[Black "Mueller, Nick"]
[Result "1-0"]
[WhiteElo "2332"]
[BlackElo "2368"]
[PlyCount "89"]
[EventDate "2022.??.??"]

1. e4 c6 2. Nf3 d5 3. Nc3 Nf6 4. e5 Ne4 5. Ne2 Qb6 6. d4 e6 7. Ng3 c5 8. Bd3 Nxg3 9. fxg3 h6 10. O-O Nc6 11. a3 cxd4 12. Qe2 Bd7 13. Kh1 O-O-O 14. b4 f6 15. Bb2 Be7 16. b5 Na5 17. Bxd4 Bc5 18. Bc3 f5 19. Qe1 Nc4 20. Bxc4 dxc4 21. Ba5 Qxb5 22. Bxd8 Rxd8 23. Qc3 Bc6 24. Rfd1 Bd5 25. Rd2 Qc6 26. Rad1 Bb6 27. h3 g5 28. Kh2 Qc7 29. Re2 Kb8 30. Qa1 Rg8 31. Qc1 Qh7 32. c3 f4 33. gxf4 g4 34. hxg4 Rxg4 35. Rxd5 exd5 36. Nd4 Qg6 37. Qe3 Rh4+ 38. Kg1 Qh5 39. Kf2 Rh1 40. Qg3 a6 41. e6 Rd1 42. e7 Qe8 43. f5+ Ka7 44. Qg6 Qb8 45. g3 1-0

[Event "2BLN 2223 SF Berlin II - SK König Tege"]
[Site "?"]
[Date "2022.10.22"]
[Round "1.5"]
[White "Rietze, Clemens"]
[Black "Polzin, Rainer"]
[Result "1/2-1/2"]
[WhiteElo "2299"]
[BlackElo "2385"]
[PlyCount "65"]
[EventDate "2022.??.??"]

1. d4 Nf6 2. c4 g6 3. f3 Bg7 4. e4 O-O 5. Nc3 d6 6. Be3 c5 7. Nge2 Nc6 8. d5 Ne5 9. Ng3 e6 10. Be2 exd5 11. cxd5 a6 12. a4 Re8 13. O-O Bd7 14. h3 b5 15. f4 Nc4 16. Bxc4 bxc4 17. Qf3 Rb8 18. e5 Rxb2 19. exf6 Qxf6 20. Rac1 Rb3 21. Nge4 Qd8 22. Bd2 Bf5 23. Rfe1 h5 24. Re2 h4 25. Be1 Bxe4 26. Rxe4 Bd4+ 27. Kh1 Rxe4 28. Qxe4 Qf6 29. Nd1 Rd3 30. Bf2 Rxd1+ 31. Rxd1 Bxf2 32. Qxc4 a5 33. Rf1 1/2-1/2

[Event "2BLN 2223 SF Berlin II - SK König Tege"]
[Site "?"]
[Date "2022.10.22"]
[Round "1.6"]
[White "Ahlander, Bjorn"]
[Black "Sarbok, Torsten"]
[Result "0-1"]
[WhiteElo "2406"]
[BlackElo "2333"]
[PlyCount "128"]
[EventDate "2022.??.??"]

1. d4 d5 2. c4 dxc4 3. e4 Nf6 4. e5 Nd5 5. Bxc4 Nb6 6. Bd3 Nc6 7. Be3 Nb4 8. Be4 c6 9. Nc3 Be6 10. Nge2 N4d5 11. O-O Qd7 12. Nc1 f5 13. Bf3 Nxe3 14. fxe3 Bc4 15. Be2 e6 16. Bxc4 Nxc4 17. Qe2 Nb6 18. Nd3 g6 19. Rad1 O-O-O 20. b4 Nd5 21. Nxd5 cxd5 22. Rb1 Kb8 23. Nc5 Bxc5 24. bxc5 Rc8 25. Rb4 Rc6 26. Qb2 Rhc8 27. Rb1 R8c7 28. Qa3 a6 29. Ra4 Kc8 30. Qb3 g5 31. Rb4 Qf7 32. Qd3 h5 33. Rb6 h4 34. a4 g4 35. a5 h3 36. R1b2 hxg2 37. Rxg2 Qh5 38. Qe2 Qh6 39. Rg3 Qh4 40. Qg2 Rxb6 41. axb6 Rh7 42. Qc2 Kb8 43. Qa2 Rh8 44. Qe2 Rh7 45. Rg2 Rh8 46. Kf1 Qd8 47. Kg1 Qe7 48. Rg3 Kc8 49. Kg2 Rh6 50. Kg1 Qe8 51. Qd2 Qb5 52. Qc2 a5 53. Qc1 Rh7 54. Qc2 a4 55. Rxg4 a3 56. Rg2 Kd7 57. Rd2 Rh3 58. Rd3 a2 59. Ra3 Qb1+ 60. Kg2 Rxh2+ 61. Kxh2 Qxc2+ 62. Kg3 Qb2 63. Ra7 Kc6 64. Ra8 a1=Q 0-1

[Event "2BLN 2223 SF Berlin II - SK König Tege"]
[Site "?"]
[Date "2022.10.22"]
[Round "1.7"]
[White "Von Herman, Ulf"]
[Black "Hoffmann, Udo"]
[Result "1-0"]
[WhiteElo "2332"]
[BlackElo "2304"]
[PlyCount "63"]
[EventDate "2022.??.??"]

1. d4 Nf6 2. c4 e6 3. Nc3 c5 4. d5 exd5 5. cxd5 d6 6. e4 g6 7. Nge2 Bg7 8. Ng3 O-O 9. Be2 Na6 10. O-O Nc7 11. Bg5 h6 12. Be3 b5 13. a3 Nd7 14. Qd2 Kh7 15. b4 c4 16. Bd4 a6 17. f4 Qh4 18. Bxg7 Kxg7 19. Rae1 Bb7 20. Bd1 Rad8 21. Bc2 Nf6 22. Rf3 Kh7 23. Ref1 Bc8 24. Qd4 Bg4 25. Re3 Bc8 26. Nf5 Bxf5 27. exf5 Ng8 28. Ne4 gxf5 29. Ng5+ Kg6 30. Rg3 hxg5 31. Rxg5+ Qxg5 32. fxg5 1-0

[Event "2BLN 2223 SF Berlin II - SK König Tege"]
[Site "?"]
[Date "2022.10.22"]
[Round "1.8"]
[White "Nogly, Christoph"]
[Black "Breier, Andreas"]
[Result "1-0"]
[WhiteElo "2250"]
[BlackElo "2357"]
[PlyCount "81"]
[EventDate "2022.??.??"]

1. d4 d5 2. c4 dxc4 3. Nf3 Nf6 4. e3 c5 5. Bxc4 e6 6. O-O a6 7. dxc5 Qxd1 8. Rxd1 Bxc5 9. Be2 Nc6 10. b3 Nb4 11. Nc3 Nbd5 12. Bb2 Nxc3 13. Bxc3 b5 14. a4 b4 15. Bxf6 gxf6 16. Rac1 Be7 17. Nd2 O-O 18. Nc4 a5 19. Nb6 Rb8 20. Nd7 Bxd7 21. Rxd7 Bd8 22. Bh5 Bb6 23. g4 Rbd8 24. Rcd1 Rxd7 25. Rxd7 Kg7 26. Kg2 Kg8 27. Kf3 Kg7 28. h3 Kg8 29. Ke4 Kg7 30. Rb7 Bd8 31. f4 f5+ 32. gxf5 Kf6 33. fxe6 Kxe6 34. f5+ Kf6 35. Kf4 Be7 36. Rb6+ Kg7 37. e4 Rd8 38. Rb7 Kh6 39. Rxe7 Kxh5 40. Rxf7 h6 41. Rg7 1-0

[Event "2BLN 2223 FC St. Pauli - SK Doppelbauer"]
[Site "?"]
[Date "2022.10.23"]
[Round "2.1"]
[White "Gumularz, Szymon"]
[Black "Socko, Bartosz"]
[Result "*"]
[WhiteElo "2546"]
[BlackElo "2627"]
[PlyCount "99"]
[EventDate "2022.??.??"]

1. e4 e6 2. d4 d5 3. Nc3 Bb4 4. e5 c5 5. a3 Bxc3+ 6. bxc3 Qa5 7. Bd2 Qa4 8. Qg4 g6 9. Nf3 Nc6 10. Be2 Qxc2 11. dxc5 Bd7 12. O-O Qe4 13. Qxe4 dxe4 14. Ng5 Nxe5 15. c4 f6 16. Bc3 Bc6 17. Nxe6 Kf7 18. Nd4 Ne7 19. f3 exf3 20. Nxf3 Nxf3+ 21. Bxf3 Rhc8 22. Bxf6 Nf5 23. Bc3 Bxf3 24. Rxf3 Kg8 25. g4 Nh6 26. Rd1 Rd8 27. Rfd3 Rxd3 28. Rxd3 b6 29. Rd7 bxc5 30. Rg7+ Kf8 31. Rxh7 Nf7 32. Rg7 Re8 33. Rxg6 Re4 34. Bg7+ Ke8 35. h4 Rxc4 36. h5 Rc1+ 37. Kg2 Rc2+ 38. Kg3 Rc1 39. Re6+ Kd7 40. Ra6 Rg1+ 41. Kf4 Rf1+ 42. Ke3 Rg1 43. Rxa7+ Ke6 44. Ra6+ Kd5 45. Rf6 Nd6 46. h6 Rh1 47. g5 Rh3+ 48. Rf3 Rh4 49. g6 Ne8 50. Rf8 *

[Event "2BLN 2223 FC St. Pauli - SK Doppelbauer"]
[Site "?"]
[Date "2022.10.23"]
[Round "2.2"]
[White "Janik, Igor"]
[Black "Hector, Jonny"]
[Result "1-0"]
[WhiteElo "2542"]
[BlackElo "2454"]
[PlyCount "117"]
[EventDate "2022.??.??"]

1. e4 e5 2. Nf3 Nc6 3. Bc4 Nf6 4. Ng5 d5 5. exd5 Na5 6. Bb5+ c6 7. dxc6 bxc6 8. Bd3 Nd5 9. Nf3 Bd6 10. O-O O-O 11. Re1 Bg4 12. h3 Bxf3 13. Qxf3 f5 14. Bxf5 Qe7 15. Qh5 g6 16. Bxg6 hxg6 17. Qxg6+ Qg7 18. Qxg7+ Kxg7 19. d3 c5 20. Na3 Rae8 21. Bd2 Nc6 22. Nc4 Bc7 23. c3 Nf4 24. Bxf4 exf4 25. Kf1 Kf6 26. Rxe8 Rxe8 27. a3 f3 28. gxf3 Nd8 29. Ne3 Bd6 30. Re1 Rh8 31. Nd5+ Kf7 32. Re4 Rxh3 33. Ra4 Ke6 34. Ne3 Bb8 35. Ra5 Kd6 36. Ra6+ Kd7 37. Ke2 Rh1 38. b4 cxb4 39. axb4 Rb1 40. Nd5 Nc6 41. f4 Kd6 42. Nf6 Kc7 43. Ne4 Ne7 44. Ra5 Nc6 45. Rh5 Kd7 46. f5 Be5 47. Rh7+ Ke8 48. f6 Rb3 49. d4 Bxd4 50. b5 Ne5 51. Nd6+ Kd8 52. cxd4 Rb2+ 53. Kf1 Ng6 54. Nf7+ Kc8 55. Ne5 Nf4 56. Kg1 Ne2+ 57. Kg2 Nxd4 58. f7 Ne6 59. Rh6 1-0

[Event "2BLN 2223 FC St. Pauli - SK Doppelbauer"]
[Site "?"]
[Date "2022.10.23"]
[Round "2.3"]
[White "Fromm, Marius"]
[Black "Feuerstack, Aljoscha"]
[Result "1/2-1/2"]
[WhiteElo "2425"]
[BlackElo "2464"]
[PlyCount "125"]
[EventDate "2022.??.??"]

1. c4 e6 2. Nf3 d5 3. g3 d4 4. Bg2 Nc6 5. O-O Bc5 6. d3 Nf6 7. Nbd2 a5 8. Nb3 Be7 9. e3 dxe3 10. Bxe3 O-O 11. Nbd4 Nxd4 12. Bxd4 Bd7 13. Bc3 Bc6 14. Ne5 Bxg2 15. Kxg2 Nd7 16. Nxd7 Qxd7 17. Qg4 g6 18. Qe4 Bb4 19. Bf6 Rfb8 20. h4 Qc6 21. h5 Bf8 22. hxg6 hxg6 23. g4 Bg7 24. g5 a4 25. Rh1 Ra5 26. Rh2 Bxf6 27. gxf6 Rg5+ 28. Kf3 Rf5+ 29. Kg4 e5 30. Qxc6 bxc6 31. Rah1 Rh5 32. Rxh5 gxh5+ 33. Rxh5 Rxb2 34. Rg5+ Kf8 35. Kf3 Rxa2 36. Rxe5 Ra3 37. Ke2 Ra2+ 38. Kf3 Ra3 39. Ke2 Ra2+ 40. Ke3 Ra1 41. Kd4 a3 42. Re7 Rf1 43. Rxc7 Ke8 44. Re7+ Kd8 45. Re2 Rb1 46. Kc5 Kc7 47. Ra2 Rb3 48. d4 Kd7 49. Re2 Kc7 50. f4 Rb1 51. Re7+ Kb8 52. Re8+ Kb7 53. Re2 Kc7 54. Rh2 Rb3 55. Ra2 Kd7 56. f5 Kc7 57. Re2 Rb1 58. d5 cxd5 59. Kxd5 Rd1+ 60. Kc5 Rf1 61. Kb4 Rxf5 62. Re7+ Kb6 63. Kxa3 1/2-1/2

[Event "2BLN 2223 FC St. Pauli - SK Doppelbauer"]
[Site "?"]
[Date "2022.10.23"]
[Round "2.4"]
[White "Socko, Monika"]
[Black "Arndt, Magnus"]
[Result "1-0"]
[WhiteElo "2454"]
[BlackElo "2384"]
[PlyCount "93"]
[EventDate "2022.??.??"]

1. d4 Nf6 2. c4 e6 3. Nf3 d5 4. g3 Be7 5. Bg2 O-O 6. O-O c6 7. Nc3 a5 8. Qd3 Na6 9. a3 c5 10. Rd1 cxd4 11. Qxd4 Nc5 12. Qf4 Nb3 13. Rb1 Bd6 14. Qh4 Nxc1 15. Rbxc1 Be7 16. Qd4 dxc4 17. Qxc4 Qb6 18. Na4 Qa6 19. Qc7 Bd7 20. Rxd7 Nxd7 21. Qxd7 Bf6 22. e3 Rad8 23. Qc7 Qb5 24. Qc2 g6 25. h4 Rc8 26. Nc3 Qb6 27. e4 Bxc3 28. bxc3 Rfd8 29. e5 Qc5 30. a4 b5 31. axb5 Qxb5 32. c4 Qb4 33. Bf1 Qc5 34. h5 Ra8 35. Ra1 Rdb8 36. h6 Qf8 37. Qc1 a4 38. Nd4 a3 39. Nb5 a2 40. c5 Qd8 41. c6 Rc8 42. c7 Qe7 43. Qc2 Qg5 44. Rxa2 Rxa2 45. Qxa2 Qxh6 46. Qa6 Qf8 47. Qd6 1-0

[Event "2BLN 2223 FC St. Pauli - SK Doppelbauer"]
[Site "?"]
[Date "2022.10.23"]
[Round "2.5"]
[White "Kopylov, Daniel"]
[Black "Krause, Benedict"]
[Result "0-1"]
[WhiteElo "2320"]
[BlackElo "2413"]
[PlyCount "106"]
[EventDate "2022.??.??"]

1. e4 c6 2. d4 d5 3. Nc3 dxe4 4. Nxe4 Nf6 5. Nxf6+ exf6 6. c3 Bd6 7. Bd3 O-O 8. Ne2 Re8 9. Qc2 h5 10. O-O h4 11. h3 Nd7 12. Be3 Nf8 13. c4 Be6 14. Rad1 Rc8 15. Qd2 Bb8 16. Qb4 Qd7 17. Bf4 Bf5 18. Bxb8 Rxb8 19. Qa3 Ng6 20. Rfe1 a6 21. Qa5 Bxd3 22. Rxd3 Re7 23. Re3 Rbe8 24. Qd2 Rxe3 25. fxe3 Qe6 26. Rc1 Qxe3+ 27. Qxe3 Rxe3 28. Kf2 Rd3 29. Ke1 Ne7 30. Rd1 Rxd1+ 31. Kxd1 Nf5 32. Kd2 Kf8 33. Kd3 Ke7 34. Nc3 g5 35. Ne4 b6 36. a4 Nd6 37. Nxd6 Kxd6 38. Ke4 b5 39. b3 bxc4 40. bxc4 Ke6 41. Kf3 f5 42. g3 hxg3 43. Kxg3 f4+ 44. Kg4 a5 45. h4 gxh4 46. Kxf4 f5 47. Kf3 Kf7 48. Kf4 Kf6 49. Kf3 Kg5 50. Ke3 h3 51. Kf3 f4 52. Kf2 Kf6 53. Kg1 f3 0-1

[Event "2BLN 2223 FC St. Pauli - SK Doppelbauer"]
[Site "?"]
[Date "2022.10.23"]
[Round "2.6"]
[White "Krause, Jonah"]
[Black "Farokhi, Keyvan"]
[Result "1-0"]
[WhiteElo "2374"]
[BlackElo "2212"]
[PlyCount "47"]
[EventDate "2022.??.??"]

1. d4 Nf6 2. Nf3 g6 3. c4 Bg7 4. Nc3 d5 5. Qb3 dxc4 6. Qxc4 O-O 7. e4 Nc6 8. Be2 e5 9. d5 Nd4 10. Nxd4 exd4 11. Qxd4 c6 12. Qc4 b5 13. Qxc6 Bd7 14. Qd6 Re8 15. e5 b4 16. Qxb4 Rxe5 17. O-O Nxd5 18. Nxd5 Rxe2 19. Be3 Rxb2 20. Qa3 Rb5 21. Rad1 Ra5 22. Qd6 f5 23. Nf4 g5 24. Ne6 1-0

[Event "2BLN 2223 FC St. Pauli - SK Doppelbauer"]
[Site "?"]
[Date "2022.10.23"]
[Round "2.7"]
[White "Hourigan, Gerrit"]
[Black "Ertan, Can"]
[Result "0-1"]
[WhiteElo "2306"]
[BlackElo "2372"]
[PlyCount "56"]
[EventDate "2022.??.??"]

1. d4 Nf6 2. c4 e6 3. g3 d5 4. Nf3 dxc4 5. Bg2 a6 6. O-O b5 7. Ne5 Nd5 8. a4 c6 9. Nc3 Bb7 10. e4 Nxc3 11. bxc3 Nd7 12. f4 Be7 13. Be3 O-O 14. Qh5 Nf6 15. Qe2 c5 16. Bf2 Qc7 17. Rab1 cxd4 18. Bxd4 bxa4 19. Nxc4 Bc5 20. Rfc1 Rad8 21. Kh1 Nd7 22. Qa2 Bc6 23. Nb2 Rc8 24. Nxa4 Qa5 25. Ra1 Bxd4 26. cxd4 Bxa4 27. Rxc8 Rxc8 28. Qxa4 Rc1+ 0-1

[Event "2BLN 2223 FC St. Pauli - SK Doppelbauer"]
[Site "?"]
[Date "2022.10.23"]
[Round "2.8"]
[White "Kahlert, Thomas"]
[Black "Ermitsch, Magnus"]
[Result "0-1"]
[WhiteElo "2151"]
[BlackElo "2277"]
[PlyCount "176"]
[EventDate "2022.??.??"]

1. c4 e5 2. Nc3 Nf6 3. Nf3 Nc6 4. g3 d5 5. cxd5 Nxd5 6. Bg2 Be6 7. O-O Be7 8. d4 exd4 9. Nxd4 Nxd4 10. Qxd4 Nxc3 11. Qxc3 O-O 12. Bxb7 Rb8 13. Bf3 Bf6 14. Qc2 Rb4 15. b3 Bxa1 16. Ba3 Rd4 17. Bxf8 Rd2 18. Qb1 Bf6 19. Bc5 Rb2 20. Qe4 Rxa2 21. b4 a5 22. bxa5 Rxa5 23. Qb4 Ra2 24. h4 Rb2 25. Qe4 Bc8 26. Qa4 Bd7 27. Qe4 Bc8 28. Qa4 Bd7 29. Qe4 Qe8 30. Qf4 Be5 31. Qe3 Rb8 32. Rc1 Bb2 33. Rc2 Be5 34. Rd2 Bc6 35. Ra2 Qe6 36. Rc2 Bxf3 37. Qxf3 Qb3 38. Qd3 Qb7 39. Kh2 h5 40. Rc4 g6 41. Re4 Bf6 42. Rb4 Qc8 43. Rf4 Qe6 44. Qf3 Be5 45. Re4 Rb3 46. Re3 Rxe3 47. Qxe3 Qd5 48. Kg1 Bg7 49. Kh2 Bf8 50. Bxf8 Kxf8 51. Qd3 Qc5 52. Kg2 c6 53. e4 Qb4 54. f3 c5 55. Qd6+ Kg8 56. e5 Qb2+ 57. Kg1 Qc1+ 58. Kf2 Qc2+ 59. Kf1 Qc3 60. Kf2 Qc2+ 61. Kf1 Qf5 62. Kf2 c4 63. Qd8+ Kh7 64. Qc7 Qc2+ 65. Kf1 Qd1+ 66. Kf2 Qd2+ 67. Kf1 Qd5 68. Kf2 Kg7 69. Qd6 Qb7 70. e6 Qa7+ 71. Kg2 fxe6 72. Qxe6 Qc7 73. Qe4 c3 74. Qc2 Qc4 75. g4 hxg4 76. fxg4 Qb4 77. Qd3 Qxg4+ 78. Kf1 Qf4+ 79. Ke2 Qd2+ 80. Qxd2 cxd2 81. Kxd2 Kh6 82. Ke3 Kh5 83. Kf3 Kxh4 84. Kg2 Kg4 85. Kh2 Kf3 86. Kh3 g5 87. Kh2 g4 88. Kg1 Kg3 0-1

[Event "2BLN 2223 Hamburger SK II - SK Norderst"]
[Site "?"]
[Date "2022.10.23"]
[Round "2.1"]
[White "Ostrovskiy, Andrey"]
[Black "Souleidis, Georgios"]
[Result "1/2-1/2"]
[WhiteElo "2418"]
[BlackElo "2410"]
[PlyCount "92"]
[EventDate "2022.??.??"]

1. e4 c5 2. Nf3 e6 3. d4 cxd4 4. Nxd4 Nf6 5. Nc3 Nc6 6. f4 Bb4 7. Nxc6 bxc6 8. Bd3 d5 9. e5 Nd7 10. O-O O-O 11. Na4 Nb6 12. c3 Be7 13. Be3 Nxa4 14. Qxa4 c5 15. Rad1 Bd7 16. Qc2 g6 17. Qf2 Qc7 18. h4 Rab8 19. h5 Bb5 20. Bxb5 Rxb5 21. b3 a5 22. c4 dxc4 23. bxc4 Rb4 24. Qc2 Rfb8 25. Rf2 Qc6 26. Rfd2 Rb2 27. Qxb2 Rxb2 28. Rxb2 gxh5 29. f5 exf5 30. Rd5 f4 31. Bxf4 Qg6 32. Rb3 h4 33. Kh2 h5 34. Rf3 a4 35. Rd7 Bf8 36. Ra7 Bg7 37. Rxa4 Qe4 38. Ra7 Qxc4 39. a3 Qe4 40. Re7 c4 41. Rc7 Bxe5 42. Rc8+ Kh7 43. Bxe5 Qxe5+ 44. Kh1 Qe1+ 45. Kh2 Qe5+ 46. Kh1 Qe1+ 1/2-1/2

[Event "2BLN 2223 Hamburger SK II - SK Norderst"]
[Site "?"]
[Date "2022.10.23"]
[Round "2.2"]
[White "Voigt, Roland"]
[Black "Kopylov, Michael"]
[Result "1/2-1/2"]
[WhiteElo "2439"]
[BlackElo "2371"]
[PlyCount "34"]
[EventDate "2022.??.??"]

1. c4 e6 2. Nf3 d5 3. e3 Nf6 4. Be2 dxc4 5. Bxc4 c5 6. O-O Nc6 7. b3 Be7 8. Bb2 O-O 9. Na3 b6 10. Nc2 Bb7 11. Rc1 Ne4 12. d4 Bf6 13. Qe2 Rc8 14. Rfd1 cxd4 15. Ncxd4 Nxd4 16. Nxd4 Qe7 17. Bd3 Rfd8 1/2-1/2

[Event "2BLN 2223 Hamburger SK II - SK Norderst"]
[Site "?"]
[Date "2022.10.23"]
[Round "2.3"]
[White "Petrosian, Suren"]
[Black "Van Delft, Merijn"]
[Result "1/2-1/2"]
[WhiteElo "2352"]
[BlackElo "2363"]
[PlyCount "39"]
[EventDate "2022.??.??"]

1. c4 Nf6 2. Nc3 g6 3. e4 d6 4. d4 Bg7 5. Be2 O-O 6. Bg5 c5 7. d5 h6 8. Bf4 e6 9. dxe6 Bxe6 10. Bxd6 Re8 11. e5 Ng4 12. Bxg4 Bxg4 13. Nge2 Nc6 14. f4 f6 15. Qd5+ Kh7 16. O-O fxe5 17. fxe5 Nxe5 18. Rad1 Qc8 19. b3 b6 20. h3 1/2-1/2

[Event "2BLN 2223 Hamburger SK II - SK Norderst"]
[Site "?"]
[Date "2022.10.23"]
[Round "2.4"]
[White "Colpe, Malte"]
[Black "Zierke, Oliver"]
[Result "1/2-1/2"]
[WhiteElo "2358"]
[BlackElo "2261"]
[PlyCount "93"]
[EventDate "2022.??.??"]

1. d4 d5 2. c4 e6 3. Nc3 c5 4. cxd5 exd5 5. Nf3 Nc6 6. dxc5 d4 7. Na4 Bxc5 8. Nxc5 Qa5+ 9. Bd2 Qxc5 10. b4 Nxb4 11. Rc1 Qd6 12. e3 Ne7 13. Nxd4 O-O 14. Bc4 Nbc6 15. Bc3 Nxd4 16. Bxd4 Qb4+ 17. Kf1 Nf5 18. Qb3 Qxb3 19. Bxb3 Nxd4 20. exd4 Rd8 21. d5 a5 22. a3 a4 23. Ba2 Bg4 24. f3 Rac8 25. Ke2 Bf5 26. Ke3 Kf8 27. Kd4 Ke7 28. g4 Bc2 29. Bc4 Bb3 30. Bxb3 axb3 31. Rxc8 Rxc8 32. Rb1 b5 33. Rxb3 Rc4+ 34. Ke3 Rc5 35. Rd3 Kd6 36. Ke4 Rc2 37. h4 Re2+ 38. Kf4 Re5 39. Rd4 Rxd5 40. Ke4 Rxd4+ 41. Kxd4 Kc6 42. f4 Kd6 43. g5 g6 44. Ke4 Ke6 45. Kd4 Kd6 46. Ke4 Ke6 47. Kd4 1/2-1/2

[Event "2BLN 2223 Hamburger SK II - SK Norderst"]
[Site "?"]
[Date "2022.10.23"]
[Round "2.5"]
[White "Michna, Christian"]
[Black "Bracker, Arne"]
[Result "0-1"]
[WhiteElo "2203"]
[BlackElo "2294"]
[PlyCount "48"]
[EventDate "2022.??.??"]

1. d4 Nf6 2. Nc3 d5 3. Bf4 e6 4. e3 Bb4 5. Nge2 O-O 6. h3 b6 7. a3 Bd6 8. g4 c5 9. Bg2 Bb7 10. Bxd6 Qxd6 11. f4 Nc6 12. O-O Rfd8 13. Ng3 Ba6 14. Rf2 cxd4 15. exd4 Rac8 16. g5 Ne4 17. Ngxe4 dxe4 18. Bxe4 Nxd4 19. Bxh7+ Kxh7 20. Qh5+ Kg8 21. Ne4 Qd5 22. f5 Qxe4 23. g6 Ne2+ 24. Rxe2 Bxe2 0-1

[Event "2BLN 2223 Hamburger SK II - SK Norderst"]
[Site "?"]
[Date "2022.10.23"]
[Round "2.6"]
[White "Woelk, Tom-Frederic"]
[Black "Sislian, Hanno"]
[Result "1-0"]
[WhiteElo "2289"]
[BlackElo "2248"]
[PlyCount "103"]
[EventDate "2022.??.??"]

1. e4 e6 2. d4 d5 3. Nc3 Bb4 4. e5 c5 5. a3 Bxc3+ 6. bxc3 Ne7 7. Qg4 Qc7 8. Qxg7 Rg8 9. Qxh7 cxd4 10. Ne2 Nbc6 11. f4 dxc3 12. Qd3 d4 13. h4 Bd7 14. h5 O-O-O 15. h6 Rg6 16. h7 Rh8 17. Nxd4 Nxd4 18. Qxd4 Nf5 19. Qxa7 Ng3 20. Rh2 Nxf1 21. Qa8+ Qb8 22. Qxb8+ Kxb8 23. Kxf1 Rg7 24. Be3 Bc6 25. Kf2 Rgxh7 26. Rxh7 Rxh7 27. Bd4 Be4 28. Bxc3 Bxc2 29. Re1 Bf5 30. Bb4 Rg7 31. Bd6+ Ka7 32. Be7 Rg8 33. Re3 Rc8 34. Kf3 Rc1 35. g4 Bg6 36. Kg3 Rg1+ 37. Kh4 Rh1+ 38. Kg5 Rg1 39. Rh3 b6 40. Rh4 Kb7 41. Kf6 Rf1 42. g5 Kc6 43. Kg7 Kd7 44. Bf6 b5 45. f5 Rxf5 46. a4 bxa4 47. Rxa4 Kc6 48. Rd4 Kc7 49. Rc4+ Kd7 50. Rh4 Rf1 51. Rh8 Kc6 52. Rf8 1-0

[Event "2BLN 2223 Hamburger SK II - SK Norderst"]
[Site "?"]
[Date "2022.10.23"]
[Round "2.7"]
[White "Hagenstein, Frank"]
[Black "Hommer, Jeremy"]
[Result "0-1"]
[WhiteElo "2237"]
[BlackElo "2184"]
[PlyCount "68"]
[EventDate "2022.??.??"]

1. d4 e6 2. c4 Nf6 3. Nc3 Bb4 4. e3 O-O 5. Bd2 b6 6. Nf3 Bb7 7. Bd3 d5 8. cxd5 exd5 9. Qc2 a6 10. O-O Nbd7 11. Ne5 Bxc3 12. Bxc3 Nxe5 13. dxe5 Ne4 14. Be1 c5 15. f3 c4 16. Be2 Nc5 17. Bc3 Qe7 18. b3 b5 19. b4 Nd7 20. f4 f6 21. Bg4 fxe5 22. Bxd7 d4 23. Bf5 dxc3 24. Bxh7+ Kh8 25. f5 Qg5 26. Bg6 Rad8 27. Rf2 Qxe3 28. Rd1 Be4 29. Qc1 c2 30. Rdf1 Qxc1 31. Rxc1 Rd1+ 32. Rf1 Rfd8 33. Bh5 Rxc1 34. Rxc1 Bxf5 0-1

[Event "2BLN 2223 Hamburger SK II - SK Norderst"]
[Site "?"]
[Date "2022.10.23"]
[Round "2.8"]
[White "Weihrauch, Jakob"]
[Black "Hovhannisyan, Artur"]
[Result "1-0"]
[WhiteElo "2075"]
[BlackElo "2169"]
[PlyCount "53"]
[EventDate "2022.??.??"]

1. e4 c5 2. Nf3 Nc6 3. d4 cxd4 4. Nxd4 Qb6 5. Nb5 a6 6. Be3 Qa5+ 7. N5c3 Nf6 8. Nd2 d6 9. Nc4 Qc7 10. Nb6 Rb8 11. Ncd5 Qd8 12. Nxf6+ gxf6 13. Bc4 e6 14. Qh5 Ne5 15. Bb3 Bd7 16. f4 Nc6 17. O-O-O Qc7 18. f5 Nd8 19. fxe6 Bxe6 20. Bxe6 Nxe6 21. Nd5 Qc4 22. Nxf6+ Ke7 23. Nd5+ Ke8 24. Rhf1 Nd8 25. Nf6+ Ke7 26. Bf4 Kxf6 27. Bxd6+ 1-0

[Event "2BLN 2223 SV Werder Bremen II - HSK Lis"]
[Site "?"]
[Date "2022.10.23"]
[Round "2.1"]
[White "Abel, Dennes"]
[Black "Carlstedt, Jonathan"]
[Result "1/2-1/2"]
[WhiteElo "2416"]
[BlackElo "2428"]
[PlyCount "81"]
[EventDate "2022.??.??"]

1. d4 Nf6 2. c4 e6 3. Nc3 Bb4 4. Bd2 O-O 5. Nf3 d5 6. e3 b6 7. cxd5 exd5 8. Rc1 a6 9. Ne5 Bb7 10. Bd3 Nbd7 11. O-O Bd6 12. f4 c5 13. Qf3 b5 14. Qh3 g6 15. Be1 cxd4 16. exd4 Bc8 17. Qf3 Bb7 18. Bh4 Qb6 19. Ne2 Rae8 20. Kh1 Bb8 21. Bg5 Rc8 22. Rcd1 Qd6 23. Ng3 Ne4 24. Nxe4 dxe4 25. Bxe4 Bxe4 26. Qxe4 f6 27. Nxd7 Qxd7 28. Bh4 Rfe8 29. Qf3 Qd6 30. Bg3 f5 31. d5 Re4 32. Rfe1 Rce8 33. Rxe4 Rxe4 34. Qc3 Rc4 35. Qd3 Qc5 36. Qe2 Re4 37. Qd2 Bd6 38. b3 b4 39. Qd3 a5 40. Qf1 Kf7 41. Qd3 1/2-1/2

[Event "2BLN 2223 SV Werder Bremen II - HSK Lis"]
[Site "?"]
[Date "2022.10.23"]
[Round "2.4"]
[White "Breutigam, Martin"]
[Black "Hampel, Felix"]
[Result "1/2-1/2"]
[WhiteElo "2359"]
[BlackElo "2326"]
[PlyCount "109"]
[EventDate "2022.??.??"]

1. e4 c5 2. c3 Nf6 3. e5 Nd5 4. Nf3 e6 5. Bc4 d6 6. d4 cxd4 7. cxd4 Be7 8. O-O O-O 9. Bd2 dxe5 10. dxe5 b6 11. Qe2 Bb7 12. Nc3 Nxc3 13. Bxc3 Nc6 14. Rad1 Qc7 15. h4 Nb4 16. Rd4 Rac8 17. a3 Nd5 18. Bd2 Bc5 19. Rg4 h5 20. Rg5 Be7 21. Rc1 Bxg5 22. Nxg5 g6 23. Bxd5 Qxc1+ 24. Bxc1 Rxc1+ 25. Kh2 Bxd5 26. Qd2 Rc4 27. Kh3 Rfc8 28. f3 R8c7 29. Kg3 a5 30. Qe3 R7c6 31. Nh3 Kg7 32. Qg5 Rc7 33. Nf4 Kh7 34. Qd8 Bb7 35. Qf8 R4c5 36. Nh3 Rxe5 37. Ng5+ Rxg5+ 38. hxg5 Rd7 39. Kf4 Rd4+ 40. Ke3 Rd7 41. Qe8 Bc6 42. Qc8 Bb5 43. Qb8 a4 44. Qf8 Bc4 45. Qc8 Bb5 46. Qb8 Bc4 47. Qxb6 Bb3 48. f4 Rd5 49. Qc7 Kg7 50. Ke4 Kg8 51. g3 Kg7 52. Qc8 Rf5 53. Kd4 Rd5+ 54. Ke4 Rf5 55. Kd4 1/2-1/2